000 00566nam a2200193Ia 4500
005 20260415160352.0
008 008 250505s9999 xx 000 0 eng d
037 _aTextual
040 _aFEDL
_beng
_cFEDL
041 _aeng
_2eng
084 _a155.45 ALL
_qFEDL
100 _aAllen Frederick H.
_9755919
245 0 _aPsychotherapy with children
260 _aLondon, UK
_bKegan Paul, Trench, Trubner and Co. Ltd
_c1947
300 _a311p.
650 _aChild Psychology
942 _cTEXL
_h155.45 ALL
999 _c1322172
_d1322172